Skalopevná obrana Brezna 1. hokejová liga - 28. kolo: Michalovce zdolali lídra v kúpeľnom meste

Bibliographic Details
Format: Article
Language:Slovak
PhysicalDescription:Tab.
ISSN:0139-7001
Subjects:

MARC

LEADER 00000nab a2200000 ar4500
001 vtls010032942
003 SK-MaSNL
005 20260303045431.0
008 091217c20091207xo dr|n|||||||000 b|slo
015 |a SNBRB2010/01  |2 snkbucl 
038 |a SNKBUCL 
040 |a SNKBUCL  |b slo  |c SNKBUCL  |e AACR2 
041 0 |a slo 
044 |a xo  |c SK 
080 |a 796.966.093.1  |2 2001 
245 0 0 |a Skalopevná obrana Brezna  |b 1. hokejová liga - 28. kolo: Michalovce zdolali lídra v kúpeľnom meste 
300 |b Tab. 
648 7 |a sezóna 2009/2010  |2 snkbucl  |9 1034617 
650 0 7 |a ľadový hokej  |2 snkbucl  |9 3231 
650 0 7 |a 1. liga  |2 snkbucl  |9 722880 
650 0 7 |a 28. kolo  |2 snkbucl  |9 1020643 
773 0 |t Šport  |g Roč. 63, č. 282 (7.12.2009), s. 21  |x 0139-7001 
852 |a SNK  |b KIS3GCP 
999 |c 1703739  |d 1705669